Statistics for China's Borders Quiz

Click here to take the quiz!

General Stats

  • This quiz has been taken 29 times
  • The average score is 13 of 14

Answer Stats

Answer% Correct
Mongolia
96%
North Korea
96%
Russia
96%
Afghanistan
93%
India
93%
Kazakhstan
93%
Pakistan
93%
Kyrgyzstan
89%
Nepal
89%
Tajikistan
89%
Myanmar
85%
Vietnam
85%
Bhutan
81%
Laos
78%

Score Distribution

Percentile by Number Answered

Percent of People with Each Score

Your Score History

You have not taken this quiz